QCM Séries TV en 20 questions #2 - Statistiques

Statistiques générales
  • Ce quiz a été pris 70 fois
  • Le résultat moyen est 8 sur 20
Statistiques - réponses
Question Réponse % Correct
Quelle série a pour premier épisode "Le Livre des ombres" ? Charmed
88%
Julie Lescaut a deux filles dans la série TV à son nom : Elisabeth (Babou) et ? Sarah
76%
Comment s appelle la ville fictive où se déroule la série Les Frères Scott ? Tree Hill
76%
Avant Alice Nevers : Le juge est une femme (2002-2022), comment s appelait la série de 1993 à 2002 Florence Larrieu : Le juge est une femme
53%
Laquelle de ces séries ne se déroule pas à Paris ? Section de Recherches
53%
Quelles sont les prénoms respectifs de Mongeville et Magellan, personnages principaux des séries TV qui ont leurs noms ? Antoine et Simon
47%
Quel est le nom de famille de Lola dans Un, dos, tres ? Fernandez
47%
Dans la série Les Cordier, juge et flic, quel personnage est incarné par l acteur Frédéric Diefenthal ? Inspecteur puis Lieutenant Antoine Portal
41%
Dans The Big Bang Theory, laquelle de ces 4 célébrités ne fait pas une apparition ? Neil Armstrong
41%
Le père, Heathcliff, un médecin gynécologue et sa femme Claire, avocate, vivent avec leurs enfants dans un foyer un peu agité mais heureux. De quelle série s agit il ? Cosby Show
35%
Combien d épisodes compte la série TV Game Of Thrones ? 73
29%
Dans laquelle de ces 4 séries Shia LaBeouf ne tient aucun rôle ? Roswell
29%
Dans la Petite Maison dans la Prairie, à qui le révérend Alden fait pour une fois preuve d'un semblant de violence physique, lui faisant une clé de bras avant de le chasser. Sam Galender
29%
Dans laquelle de ces 4 séries TV Sharon Stone ne joue aucun rôle ? Les Dessous de Palm Beach
24%
Dans Dr Quinn Femme Médecin, par qui ou quoi a été tué le mari de Teresa Morales ? Par un puma
24%
De quelle série Sujet-test 19 est le 6e épisode ? The Walking Dead
24%
Dans la série The Boys, quel est l'autre nom du « Protecteur », leader des Sept ? John Gillman
18%
Dans Friends, Joey a 7 soeurs, quelle proposition ne désigne pas 2 de ses soeurs ? Valentina / Gina
18%
Comment s appelle le fameux quotidien de la série TV Demain à la Une dont un exemplaire du lendemain est reçu tous les matins par Gary Hobson ? Chicago Sun-Times
12%
Laquelle de ces propositions n est pas dans le générique (de la VF) de la série TV Côte Ouest ? Côte Ouest, bercée par l'océan, étrangère à la raison
12%
Aucun quiz correspondant
Distribution des résultats
% des personnes avec chaque résultat
Percentile par nombre de réponses
Votre historique - résultats
Vous n’avez pas pris ce quiz